| 000 | 01075nam a2200325Ia 4500 | ||
|---|---|---|---|
| 001 | 9904 | ||
| 003 | IT-RoPAU | ||
| 008 | 130308s9999 xx 000 0 und d | ||
| 040 | _aIT-RoPAU | ||
| 040 | _cIT-RoPAU | ||
| 041 | _aITALIANO | ||
| 100 | _aLanzillo Giorgio | ||
| 100 | _gCodice Aut. SPICS: 4868 | ||
| 245 | _aMetodologie di analisi economiche ed organizzative per l'app | ||
| 245 | _bMetodologie di Analisi Economiche ed Organizzative per L'App | ||
| 250 | _a1a ed. | ||
| 260 | _aMODENA | ||
| 260 | _bStem Mucchi | ||
| 260 | _c1971 [1° Ed.:1971 - Ed.Ling.Originale:1971] | ||
| 300 | _a"136 p. (prefazione: no ; testo: 136)" | ||
| 500 | _aApplicazione Sistema microfilm Microfilmatura microfilm nelle Aziende Giornalistiche microfilm nelle banche microfilm nelle Pubbliche Amministrazionimicrofilm nelle Biblioteche microfilm e Computer | ||
| 650 | _aTECNICA CINEMATOGRAFICA | ||
| 650 | _eCodice materia Spics: 6802 | ||
| 700 | _aAA.VV. | ||
| 700 | _gCodice Aut. SPICS: 12000 | ||
| 942 | _cBK | ||
| 957 | _71 | ||
| 999 |
_c70897 _d70897 |
||
| 999 | _bSI | ||
| 999 | _g1 | ||